000 00824 a2200241 4500
005 20250415113530.0
020 _a1851664394
050 0 0 _aSF95
_bORS 1990
100 1 _aOrskov, E. R
_eauthor
245 1 0 _aEnergy nutrition in ruminants /
_c E.R. Orskov and M. Ryle
264 _aNew York :
_bElsevier Science Publishing Co. ,
_c1990.
300 _aviii, 149 pages :
_billustrations ;
336 _2rdacontent
_atext
_btxt
337 _2rdamedia
_aunmediated
_bn
338 _2rdacarrier
_avolume
_bnc
504 _aIncludes bibliographical references and index
650 0 _aRuminants
_xNutrition.
650 0 _aRuminants
_xFeeding and feeds.
650 0 _aBioenergetics.
700 1 _aRyle, Margaret.
_eauthor
942 _2lcc
_cBK
_h95
_iORS
_kSF
999 _c5909
_d5909